Jim E. Brown "Shame" tracklist - Statistics

General Stats
  • This quiz has been taken 4 times
  • The average score is 7 of 14
Answer Stats
Hint Answer % Correct
4. How Do I Stop Crying When I Masturbate?
100%
13. Linger
100%
1. Shame
100%
2. Black Pudding Man
50%
8. I Found a Dead Fox Outside Sainsbury's in Fallowfield
50%
12. I Miss My Dead Dog
50%
7. I Miss You But I Don't Want You Back
50%
3. I'm Quitting Prozac to Continue Drinking
50%
14. I Want to Hug a Cloud
50%
6. Lose You
50%
10. My Urine is Foamy, Do I Have Kidney Damage?
50%
5. I'm Frustrated By My Flesh
0%
9. I'm Not Pretty Enough to Be on Tinder
0%
11. I Wish I Had More Facebook Friends
0%
No matching quizzes found
Score Distribution
Percent of People with Each Score
Percentile by Number Answered
Your Score History
You have not taken this quiz